LDR 00683naa#a2200181#i#450# 001 EN\\bibl\122831 005 20260601064302.1 011 ## _a2686-9896 100 ## _a20260515b2026####ek#y0engy0150####ca 102 ## _aRU 200 1# _aOPTIMAL CONTROL OF A LINEAR OBJECT WITH TWO COORDINATES AND ONE CONTROL IN A PROBLEM WITH FIXED ENDS _eJournal article 210 1# _aAngarsk _cFederal State Funded Educational Establishment of Higher Education «Angarsk State Technical University» _d2026 215 ## _a1 с. 608 ## _aJournal article _2local 675 ## _aМатематика. 51 _z 700 #1 _aKivatitskaya _gAlexandra Vasilievna 700 #1 _aIstomin _gAndrey Leonidovich 856 4# _aangtu.editorum.ru _u